书目信息 |
| 题名: |
赢得人脉的社交诀窍
|
|
| 作者: | 赵永新 , 佟秋平 编著 | |
| 分册: | ||
| 出版信息: | 北京 中国国际广播出版社 2004.10 |
|
| 页数: | 307页 | |
| 开本: | 21cm | |
| 丛书名: | ||
| 单 册: | ||
| 中图分类: | C912.1-49 | |
| 科图分类: | ||
| 主题词: | 人间交往--通俗读物 | |
| 电子资源: | ||
| ISBN: | 7-5078-2408-X | |
| 000 | 00919nam0 2200241 450 | |
| 001 | 0137161544 | |
| 005 | 20050906155911.15 | |
| 010 | @a7-5078-2408-X@dCNY22.00 | |
| 100 | @a20050403d2004 km y0chiy0120 ea | |
| 101 | 0 | @achi |
| 102 | @aCN@b110000 | |
| 105 | @ay z 000yy | |
| 200 | 1 | @a赢得人脉的社交诀窍@Aying de ren mai de she jiao jue qiao@e点旺人气的七大交际智慧@f赵永新, 佟秋平编著@Fzhao yong xin,tong qiu ping bian zhu |
| 210 | @a北京@c中国国际广播出版社@d2004.10 | |
| 215 | @a307页@d21cm | |
| 330 | @a人生成败系开“脉”、“运”、“气”三者。脉者,人脉也;运者,气象也。其中“脉”是关键。赢得人脉者,财运自会享通。 | |
| 517 | 1 | @a点旺人气的七大交际智慧@Adian wang ren qi de qi da jiao ji zhi hui |
| 606 | 0 | @a人间交往@j通俗读物 |
| 690 | @aC912.1-49@v4 | |
| 701 | 0 | @a赵永新@Azhao yong xin@4编著 |
| 701 | 0 | @a佟秋平@Atong qiu ping@4编著 |
| 801 | 0 | @aCN@bQSSK@c20050906 |
| 905 | @a10447@dC912.1-49@eZ347 | |
| 赢得人脉的社交诀窍:点旺人气的七大交际智慧/赵永新, 佟秋平编著.-北京:中国国际广播出版社,2004.10 |
| 307页;21cm |
| ISBN 7-5078-2408-X:CNY22.00 |
| 人生成败系开“脉”、“运”、“气”三者。脉者,人脉也;运者,气象也。其中“脉”是关键。赢得人脉者,财运自会享通。 |
| ● |
| 相关链接 |
|
|
|
正题名:赢得人脉的社交诀窍
索取号:C912.1-49/Z347
 
预约/预借
| 序号 | 登录号 | 条形码 | 馆藏地/架位号 | 状态 | 备注 |
| 1 | 560053 | 205600535 | 社科库509/509社科库 58排5列1层/ [索取号:C912.1-49/Z347] | 在馆 | |
| 2 | 560054 | 205600544 | 社科库509/509社科库 58排5列1层/ [索取号:C912.1-49/Z347] | 在馆 | |
| 3 | 560055 | 205600553 | 社科库509/509社科库 58排5列1层/ [索取号:C912.1-49/Z347] | 在馆 |